Fill-in-the-Blank Blitz Quiz Stats

 Plays Quiz Updated Jan 8, 2019

Support Sporcle.
Go Orange.
Score 0/16 Timer 00:30
5 Plays Today
Question Answer Wrong Answers
Fill in the _____ Blank
71.3%
Fill
0.3%
In
0.2%
The
0.5%
Fill in the _____ Blank
71.2%
Fill
0.3%
In
0.2%
The
0.5%
Fill in the _____ Blank
71.1%
Fill
0.3%
In
0.2%
The
0.5%
_____ in the blank Fill
71%
In
0.5%
The
0.6%
Blank
0.4%
Fill in the _____ Blank
71%
Fill
0.3%
In
0.3%
The
0.6%
_____ in the blank Fill
70.6%
In
0.4%
The
0.7%
Blank
0.5%
_____ in the blank Fill
70.6%
In
0.4%
The
0.5%
Blank
0.4%
_____ in the blank Fill
70.4%
In
0.4%
The
0.6%
Blank
0.5%
Fill _____ the blank In
70%
Fill
0.6%
The
1.6%
Blank
0.3%
Fill _____ the blank In
69.9%
Fill
0.5%
The
1.6%
Blank
0.4%
Fill _____ the blank In
69.8%
Fill
0.5%
The
1.5%
Blank
0.4%
Fill in _____ blank The
69.6%
Fill
1.1%
In
1.3%
Blank
0.5%
Fill _____ the blank In
69.5%
Fill
0.6%
The
1.5%
Blank
0.3%
Fill in _____ blank The
69.2%
Fill
1.2%
In
1.3%
Blank
0.5%
Fill in _____ blank The
69%
Fill
1.2%
In
1.2%
Blank
0.5%
Fill in _____ blank The
69%
Fill
1.2%
In
1.4%
Blank
0.5%

From the Vault

Obscure Knowledge - South American Capitals

by PenguinsMeercats

With only 12 capitals to worry about, maybe this isn't getting too obscure.
Remove Ads.
Support Sporcle.
Get the best of Sporcle when you Go Orange. This ad-free experience offers more features, more stats, and more fun while also helping to support Sporcle. Thank you for becoming a member.

Show Comments

Extras

Top Quizzes Today


Score Distribution

Your Account Isn't Verified!

In order to create a playlist on Sporcle, you need to verify the email address you used during registration. Go to your Sporcle Settings to finish the process.

Report this User

Report this user for behavior that violates our Community Guidelines.

Details: